| 000 | 00882cam a22003011 4500 | ||
|---|---|---|---|
| 999 |
_c233685 _d233685 |
||
| 001 | 4529542 | ||
| 003 | Nust | ||
| 005 | 20190422055032.0 | ||
| 008 | 730529s1957 nyu 000 1 eng | ||
| 010 | _a 57005902 | ||
| 020 | _a9781844080977 | ||
| 038 | _aArshad | ||
| 040 |
_aDLC _cDLC _dDLC |
||
| 050 | 0 | 0 |
_aPZ3.D8916 _bSc _aPR6007.U47 |
| 082 |
_a823.9 _bMAU |
||
| 100 | 1 |
_aDu Maurier, Daphne, _d1907-1989. _914127 |
|
| 245 | 1 | 4 |
_aThe scapegoat. _cby Daphne Du Maurier |
| 250 | _a[1st ed.] | ||
| 260 |
_aGarden City, N.Y., _bDoubleday, _c1957. |
||
| 300 |
_a373 p. _c22 cm. |
||
| 650 | 0 |
_aAristocracy (Social class) _vFiction. _914128 |
|
| 650 | 0 |
_aBritish _zFrance _vFiction. _914129 |
|
| 651 | 0 |
_aFrance _vFiction. _914130 |
|
| 655 | 7 |
_aRomantic suspense fiction. _2gsafd _95598 |
|
| 710 | 2 | _5DLC | |
| 906 |
_a7 _bcbc _corignew _du _eocip _f19 _gy-gencatlg |
||
| 942 |
_2ddc _cBK |
||